[Event "Khanty-Mansiysk FIDE GP"]
[Site "Khanty-Mansiysk"]
[Date "2015.05.20"]
[Round "6"]
[White "Jobava, Baadur"]
[Black "Jakovenko, Dmitrij"]
[Result "1/2-1/2"]
[WhiteElo "2699"]
[BlackElo "2738"]
[Annotator "Mokal,P"]
[PlyCount "92"]
[EventDate "2015.05.14"]
[EventType "tourn"]
[EventRounds "11"]
[EventCountry "RUS"]
[EventCategory "21"]
[SourceTitle "CBM 167"]
[Source "ChessBase"]
[SourceDate "2015.07.13"]
[SourceVersion "1"]
[SourceVersionDate "2015.07.13"]
[SourceQuality "1"]

1. b3 {[%emt 0:00:12]} e5 {[%emt 0:00:07]} 2. Bb2 {[%emt 0:00:06]} Nc6 {
[%emt 0:00:03]} 3. e3 {[%emt 0:00:07]} Nf6 {[%emt 0:00:04]} 4. h3 {[%emt 0:01:
10] Jobava "I found this idea before the Grand Prix and thought to myself that
I need to try this in at least one game. Actually it is not as stupid as it
looks. For example if ...Be7 then Bb5 and then ...Bd6 would be stupid. So
after Bb5 if ...d6 then Ne2, 0-0 d3,e4,f4 etc."} d5 {[%emt 0:05:55] The
principled response.} 5. Bb5 {[%emt 0:02:16]} Bd6 {[%emt 0:02:28]} 6. Nf3 {
[%emt 0:00:08]} Qe7 {[%emt 0:10:27]} (6... e4 7. Ne5 Bd7 8. Nxd7 Qxd7 9. O-O a6
10. Bxc6 bxc6 11. c4 Qe7 12. d3 $14 {1-0 Graf,F (2479)-Tallo Dominguez,I (2245)
/Barcelona 2014/CBM 162 Extra (21)}) 7. d4 {[%emt 0:00:30]} exd4 {[%emt 0:00:
22]} 8. Qxd4 $146 {[%emt 0:00:13]} ({Previously in a game between 2200 players
White had chosen} 8. Nxd4 {but after} Bd7 9. Nxc6 bxc6 10. Bd3 O-O 11. Nd2 Rfe8
12. O-O Rab8 13. Re1 Ne4 $132 {0-1 Bobanac,M (2271)-Solic,K (2219)/Bol 2011/
CBM 144 Extra (42). Black was more than ok.}) 8... Bd7 {[%emt 0:16:18]} (8...
O-O $5 9. Bxc6 bxc6 10. Nbd2 {[%csl Ge4] Jobava: ''With not many ideas for
Black."} ({Jakovenko was not sure about} 10. Qh4 Ne4 11. Qxe7 Bxe7 12. O-O {
and he thought that the pros and cons of Black's pawn structure are hard to
judge.}) {For example if} 10... c5 (10... a5 $5) 11. Qh4 d4 (11... a5 $5) 12.
O-O-O $36 (12. O-O $36)) 9. Bxc6 {[%emt 0:03:00]} Bxc6 {[%emt 0:03:39]} 10.
Nbd2 {[%emt 0:03:34]} (10. Ne5 $5 Bb5 11. Ng4 Ne4 12. Qxg7 (12. Nc3 $5) 12...
O-O-O $132 {(Jakovenko)}) 10... O-O {[%emt 0:05:01]} (10... Bc5 11. Qf4 {
[%cal Gf4g5]} Bd6 12. Qg5 $13) 11. O-O-O {[%emt 0:00:26] Jobava "The whole
idea was to play 0-0-0 and g4. Otherwise Black with ^^ would be slightly
bettter."} ({Jobava's hunger for exciting chess probably made him think the
above thoughts. Another possibility was} 11. Ne5 Bd7 (11... Bb5 12. Ng4 $36)
12. Nxd7 Qxd7 13. O-O-O $13 (13. O-O $11)) 11... a5 {[%emt 0:06:34]} 12. g4 {
[%emt 0:01:19]} a4 {[%emt 0:09:38]} 13. g5 {[%emt 0:03:12]} Ne8 {[%emt 0:02:08]
} (13... Nh5 {must have crossed Black's mind but the possibility of having to
play g6 when the N on h5 is attacked would seem frightening, especially with
the White Q+B battery on the a1-h8/^}) 14. Kb1 {[%emt 0:01:27]} axb3 {[%emt 0:
04:45]} 15. axb3 {[%emt 0:00:05]} Bc5 {[%emt 0:04:33]} (15... Ba3 $5 16. Bc3
Bc5 17. Qh4 Nd6 18. Rhg1 (18. Bf6 $5) 18... Nb5 19. Bf6 {The calculation till
here, as seen by Jobava is very human, but now the engine shows us an amazing
counterstrike} Bb4 $3 (19... Qe6 20. Qh6 $13 {Jobava}) 20. Bxe7 Nc3+ 21. Kb2 (
21. Kc1 Ra1+ 22. Kb2 (22. Nb1 Ne2+ 23. Kb2 Rfa8 $19) 22... Ra2+) 21... Ra2+ 22.
Kc1 Ne2+ 23. Kb1 Rfa8 24. c3 Nxc3+ 25. Kc1 Ne2+ 26. Kb1 Bb5 27. Nc4 Nc3+ 28.
Kc1 Bxc4 $19) 16. Qe5 {[%emt 0:17:21]} (16. Qh4 Ba3 $1 {Not easy to find a
square for the B on b2} 17. Bd4 (17. Bc3 Qc5 $40) 17... Qb4 $40 {[%cal Gb4a5,
Ga3b4] /\...Qa5,Bb4 -> and the Ne8 is playing a nice defensive role,
supporting g7.}) 16... Bd6 {[%emt 0:03:22]} (16... Qxe5 17. Nxe5 Nd6 18. Rhg1
Nb5 19. Nxc6 bxc6 20. Rg4 {Jakavenko did not like this position.} (20. Nf3 Bb4
21. Rd3 {is also just in time.})) 17. Qxe7 {[%emt 0:00:21]} (17. Qd4 {would
have been interesting from the spectator's point of view!}) 17... Bxe7 {
[%emt 0:00:02]} 18. Rhg1 {[%emt 0:00:34]} Nd6 {[%emt 0:05:07]} 19. Ne5 {
[%emt 0:02:03]} (19. h4 f6 $15) 19... Be8 {[%emt 0:06:00]} 20. h4 {[%emt 0:08:
23]} (20. Ng4 Kh8 (20... Bxg5 21. Nf6+ Bxf6 22. Bxf6 Nf5 (22... g6 $2 23. Be7
Bd7 24. Bxf8 Kxf8 25. h4 $14) 23. Rxg7+ $5 (23. Rg5 Ra6 24. Rxf5 Rxf6 25. Rxf6
gxf6 $15) 23... Nxg7 24. Rg1 Ra6 $8 25. Rxg7+ Kh8 26. Rg6+ Rxf6 27. Rxf6 {
White seems slightly more comfortable.}) 21. h4 Nb5 22. Nf3 Bb4 23. Rd3 c5 $36)
20... f6 {[%emt 0:00:39]} 21. Nd3 {[%emt 0:00:18]} (21. gxf6 Bxf6 $15) 21...
fxg5 {[%emt 0:05:30]} 22. hxg5 {[%emt 0:00:07]} Nb5 {[%emt 0:00:10] Jakovenko:
"I was happy with my position here. I thought that now g<-> is closed, and I
have decent counterplay on << but after Nf4 I just did not have enough time to
calculate and choose."} 23. Nf4 {[%emt 0:04:03]} c6 {[%emt 0:05:17]} (23... d4
24. Ne4 Bc6 25. Nf6+ $5 Bxf6 26. gxf6 Rxf6 27. Bxd4 Nxd4 28. Rxd4 $11) 24. c4 {
[%emt 0:10:21] Otherwise White is just worse.} Na3+ {[%emt 0:03:15]} 25. Kc1 {
[%emt 0:00:05]} (25. Bxa3 Bxa3 26. g6 h6 27. cxd5 cxd5 $17 {[%csl Ga3,Rb1,Ge8]
^^}) 25... dxc4 {[%emt 0:04:56]} (25... Bg6 $5 26. Nxg6 (26. cxd5 cxd5 $15 {
continuing the complications} (26... Rxf4 27. d6 (27. exf4 cxd5 28. Rg3 Nb5 $17
) 27... Rxf2 28. dxe7 Kf7 29. Rdf1 Rxf1+ 30. Rxf1+ Kxe7 31. Bxg7 $11)) 26...
hxg6 27. f4 b5 28. cxd5 cxd5 29. Bxa3 Bxa3+ 30. Kc2 $15 {Black did not have
enough time to calculate these lines.}) 26. Ne4 {[%emt 0:00:12] Jakovenko: "I
missed this completely. I was looking for Nc4."} (26. Nxc4 Nxc4 27. bxc4 Ra4 (
27... Ra5 $5) (27... g6 $5 {[%cal Gf8f5]} 28. Rh1 {[%cal Gf4e6]} Bxg5 29. Ne6
Rf5 $15) 28. Rd4 Bc5 29. Re4 Bd7 $17 {[%csl Gb7,Gc6][%cal Gd7f5]} (29... Bg6
30. Nxg6 hxg6 31. f4 b5 $15 (31... Rxc4+ $1 32. Rxc4 Bxe3+ $19))) 26... Bg6
$138 {[%emt 0:01:56] Short of time, Jakovenko chooses safety.} (26... cxb3 $142
27. Nf6+ Kf7 28. Nxh7 Nc4 (28... Rh8 29. g6+ Kg8 30. Rd4 $14) 29. Rd4 b5 30.
Nxf8 (30. g6+ Kg8 31. Nxf8 Ra2 $1 $19 (31... Bxf8 32. Rd3) (31... Ba3)) 30...
Kxf8 $15 {The complications seem to be in Black's favour.}) 27. Rd7 {[%emt 0:
02:59]} Rf7 {[%emt 0:00:24]} 28. Nxg6 {[%emt 0:01:22]} hxg6 {[%emt 0:00:03]}
29. Rxb7 {[%emt 0:00:46]} cxb3 {[%emt 0:00:15]} (29... Bf8 $142 30. Rxf7 Kxf7
31. bxc4 Nxc4 $11) 30. Rxb3 {[%emt 0:00:58]} Nc4 {[%emt 0:00:04] Jakovenko:
"Here it is hard to say. Maybe if White consolidates he might be better but
it's not easy to do that."} 31. Rd1 {[%emt 0:10:43]} (31. f4 Bf8 {[%cal Ga8e8]}
(31... Re8 32. Nd2 $14 (32. Bd4 $6 c5 $15)) 32. Nd2 Nxe3 33. Rxe3 Bc5 {[%cal
Gc5g1]} 34. Rgg3 Bxe3 35. Rxe3 Rxf4 $11) 31... Nxb2 {[%emt 0:00:24]} 32. Kxb2 {
[%emt 0:00:06]} Ra4 {[%emt 0:00:06]} 33. Rb8+ {[%emt 0:01:09]} Rf8 {[%emt 0:00:
20]} 34. Rxf8+ {[%emt 0:00:04]} Kxf8 {[%emt 0:00:06]} 35. f3 {[%emt 0:00:36]}
Ra3 {[%emt 0:00:16]} 36. Nc3 {[%emt 0:01:47]} Bb4 {[%emt 0:01:00]} 37. Rc1 {
[%emt 0:02:08]} Kf7 {[%emt 0:03:33]} ({The simplest was} 37... Ra5 $11) 38. f4
{[%emt 0:02:15]} c5 {[%emt 0:00:04]} 39. e4 {[%emt 0:01:08]} Ke6 {[%emt 0:00:
26]} ({Black had earlier seen} 39... Bxc3+ $4 {but then realised that its a
blunder.} 40. Kxa3 $18 (40. Rxc3 Ra4 $11)) 40. Nd5 {[%emt 0:00:00] Suddenly
Black has to be accurate to avoid danger.} Rd3 $1 {[%emt 0:00:00]} (40... Kd6
41. Rh1 $5 (41. Nxb4 cxb4 42. Rc4 Rf3 43. e5+ Ke6 44. Rxb4 Kf5 {is not easy to
make progress for White.}) 41... Rf3 (41... Ra8 42. Rd1 $16) 42. Rh7 Bd2 43.
Rxg7 Bxf4 44. Rxg6+ $16) 41. Ra1 {[%emt 0:08:41]} (41. Rc4 Rd2+ 42. Kb3 Rxd5 $5
43. exd5+ Kxd5 44. Rc2 Ke4 45. Rf2 Ba5 46. Kc4 Bb4 47. Rf1 Bd2 48. Kxc5 Bxf4
$11) 41... Rxd5 $1 {[%emt 0:20:02]} (41... Rd4 {although still tenable, is
unnecessarily risky.} 42. Ra6+ Kf7 43. Ra7+ (43. f5 gxf5 44. g6+ Ke8 45. Ra8+
Kd7 46. exf5 Rxd5 47. f6 gxf6 48. g7 Rg5 $11) 43... Ke6 (43... Kf8 44. Ne7 Rxe4
45. Nxg6+ Kg8 46. Kb3 $14 (46. f5 c4 47. f6 Re2+ 48. Kc1 Re1+ 49. Kc2 Re2+ $11)
) 44. Nc7+ Ke7 45. Nb5+ Rd7 46. Ra6 Bd2 47. Rxg6 Bxf4 48. Rxg7+ Ke6 49. Rxd7
Kxd7 50. g6 Ke6 $11) 42. exd5+ {[%emt 0:00:15]} Kxd5 {[%emt 0:00:02]} 43. Kc2 {
[%emt 0:03:38]} (43. Ra6 Bd2 44. Rxg6 Bxf4 45. Kc2 (45. Rxg7 $4 Be5+ $19) 45...
Ke5 46. Rxg7 Kf5 47. g6 Bh6 48. Rg8 Kf6 $11 {[%cal Gh6g7]}) 43... Ke4 {[%emt 0:
00:35]} 44. Ra6 {[%emt 0:00:15]} Kf5 {[%emt 0:04:25]} 45. Kd3 {[%emt 0:02:17]}
Kxf4 {[%emt 0:01:25]} (45... Be1 $11) 46. Rxg6 {[%emt 0:00:06]} c4+ {[%emt 0:
00:03]} (46... c4+ 47. Kxc4 Be7 $11) 1/2-1/2

[Event "Tbilisi FIDE GP"]
[Site "Tbilisi"]
[Date "2015.02.20"]
[Round "5"]
[White "Jobava, Baadur"]
[Black "Mamedyarov, Shakhriyar"]
[Result "1-0"]
[WhiteElo "2696"]
[BlackElo "2759"]
[Annotator "Mokal,P"]
[PlyCount "54"]
[EventDate "2015.02.15"]
[EventType "tourn"]
[EventRounds "11"]
[EventCountry "GEO"]
[EventCategory "20"]
[SourceTitle "CBM 165"]
[Source "ChessBase"]
[SourceDate "2015.03.11"]
[SourceVersion "1"]
[SourceVersionDate "2015.03.11"]
[SourceQuality "1"]
[WhiteClock "0:02:21"]
[BlackClock "0:51:07"]

1. b3 {Jobava has taken a liking to the Nimzowitsch-Larsen opening.} Nf6 2. Bb2
g6 3. Nc3 ({An earlier encounter between the two players saw a very
interesting game as well. Then Jobava took on f6 in Trompowsky style. The game
went} 3. Bxf6 exf6 4. c4 Bg7 5. Nc3 f5 6. Rc1 O-O 7. g3 Re8 8. Bg2 f4 $6 9.
gxf4 Qh4 10. Kf1 $5 Bxc3 11. Rxc3 Qxf4 12. h4 $40 {[%cal Gh4h5,Gg1h3] 1-0
Jobava,B (2711)-Mamedyarov,S (2764)/Beijing CHN 2012 (25) White's original
scheme worked out well and provided nice attacking prospects. Of course the
play for both sides can be improved.}) 3... Bg7 4. d4 c5 5. e3 cxd4 6. exd4 d5
7. Qd2 Nc6 8. O-O-O ({Recently against Carlsen, Jobava had tried} 8. f3 $6 {
but after} h5 {[%cal Gh6c1,Gg7h6] Black was already well prepared for White's
0-0-0. That made things worse for White as it is the only direction in which
the White K would have liked to go now.} 9. Bb5 (9. O-O-O Bh6 10. f4 Bf5 $15)
9... Qd6 10. Nge2 Bh6 $36 {0-1 Jobava,B (2727)-Carlsen,M (2862)/Wijk aan Zee
NED 2015 (50). Black already has some initiative and later went on to win.})
8... Qa5 $146 {Mamedyarov deviates first.} ({Another encounter (but a blitz
game) between the same opponents went} 8... O-O 9. f3 h5 10. Kb1 Bf5 11. a3 Rc8
12. Nge2 b5 {There isn't too much point in analysing the blitz game but we can
see that a sharp, result-oriented struggle is on the cards with this opening 
(and this player on the White side!)} 13. Ng3 b4 14. axb4 Bd7 15. Na4 h4 16.
Ne2 Bf5 17. Nc5 a5 18. bxa5 Nxa5 19. Nc1 e5 20. Ba6 Rc6 21. Bb5 Rc8 22. Rhe1
exd4 23. Bxd4 Qb6 24. Bd3 Bxd3 25. N1xd3 Ne4 26. fxe4 Bxd4 27. Nd7 Qa7 28. N3e5
Nxb3 29. Nf6+ Kg7 30. Nh5+ Kg8 31. Nf6+ Kg7 32. Nh5+ Kg8 {1/2-1/2 Jobava,B 
(2711)-Mamedyarov,S (2764)/Beijing CHN 2012.}) 9. f3 h5 10. Kb1 Bf5 {There is
hardly any reason for Black to be unhappy about his position here. His pieces
are being developed well and are coordinating efficiently.} 11. Bd3 $5 {
White infuses a sudden sharpness into the struggle with a pawn sacrifice.} Nxd4
12. Nge2 Nxe2 (12... Bxd3 $5 13. Nxd4 Ba6 14. Rhe1 e6 (14... O-O 15. Rxe7 Rfe8
16. Rxe8+ Rxe8 $14) {Mamedyarov rejected this line because of the dangerous
sacrifice} 15. Rxe6+ $1 (15. Nxe6 $5 fxe6 16. Rxe6+ Kf7 17. Nxd5 Qxd2 18. Re7+
Kf8 19. Rxd2 Ne8 $13) 15... fxe6 16. Nxe6 {Black's best try here seems to be}
Kf7 ({Mamedyarov's calculations had gone on the lines} 16... Bh6 $2 17. Qd4 Kf7
{and here his intuition suggested that something was not right. Indeed Black
is simply lost after} 18. Ne4 $18 ({or} 18. Na4 $18)) (16... Rh7 17. Qe3 Kf7
18. Ng5+ Kf8 $8 19. Qe6 $18) 17. Nxg7 Rhc8 (17... Kxg7 18. Qg5 $1 {[%csl Rf6]
[%cal Gb2g7]} Kf7 19. Qf4 $1 {[%cal Gc3d5]} (19. Nxd5 $6 Nxd5 20. Rxd5 Qe1+ 21.
Bc1 Qe7 {Black gets out of trouble.}) 19... Rad8 20. Nxd5 $18) (17... d4 18.
Qf4 g5 (18... Kxg7 19. Ne4 Nxe4 20. Rxd4 $1 Kg8 21. Rxe4 Rh7 22. Re6 Qf5 23.
Qd6 {[%csl Rg6]} Rg7 24. Bxg7 Kxg7 25. Re7+ Kh6 (25... Kg8 26. g4 Qg5 27. h4
$18) 26. Qd2+ Qg5 27. Rh7+ $18) 19. Qxd4 Rhd8 (19... Rad8 20. Qe3 {is similar})
20. Qe3 Qb6 (20... Kxg7 21. Qe7+ Kg6 22. Nd5 $18) 21. Qxg5 Rxd1+ 22. Nxd1 Rg8 {
This leads to an interesting and almost forced variation.} 23. Bxf6 Qxf6 24.
Qxf6+ Kxf6 25. Nxh5+ Kg5 26. Ng3 Rh8 27. c4 Rxh2 28. Ne3 Kf4 29. Kc2 $14 {
[%csl Re3,Rg3,Rh2][%cal Ge3f1,Gg3f1] A nice study-like situation.}) 18. g4 $40
{[%csl Rf6][%cal Gb2h8,Gg4g5]}) 13. Qxe2 Bd7 (13... Bxd3 14. Rxd3 $14 {[%csl
Rd5,Re8][%cal Gh1d1] White is likely to recover the pawn, maintaining a very
slight edge.}) 14. Rhe1 ({It is not really in Jobava's style to look for clear
equality in such a tempting position. The variation was} 14. Bb5 Bxb5 15. Qxb5+
Qxb5 16. Nxb5 O-O 17. Bxf6 Bxf6 18. Nc7 Rad8 19. Nxd5 $11) 14... e6 15. Bxg6 ({
One of the moves considered by the players during the game and post-mortem
analysis was} 15. Qe5 $6 {but it was quickly established that White has no
compensation in this line following, for example} O-O 16. Ne4 Ne8 17. Qxg7+ $2
Nxg7 18. Nf6+ Kh8 19. Nxd7 Rfd8 20. Ne5 Kg8 $19) ({Another interesting option
considered was} 15. Nxd5 Qxd5 16. Bc4 Qc5 {but Jobava could not find anything
special for White here, and rightly so} (16... Qc6 17. Rxd7 $1 Nxd7 18. Bxg7
$36) (16... Qa5 17. Rxd7 Kxd7 18. Bxe6+ $16) 17. Rxd7 Kxd7 18. Bxe6+ Kc6 $17 {
and Black is still a whole R up.}) 15... fxg6 16. Nxd5 Nxd5 17. Bxg7 Rg8 (17...
O-O-O 18. Qe5 $1 $44 {[%cal Gc2c4] /\c4 White has a lot of compensation.}) (
17... Rh7 $5 18. Qe5 Qc7 $1 {The key defensive move.} 19. Qb2 O-O-O 20. Be5 Qc5
(20... Qc6 21. c4 Ne7 22. Rd6 $36) 21. c4 Nb4 $15) (17... Qc3 $4 18. Bxh8 Qxh8
19. Rxd5 $18 {Mamedyarov gracefully accepted that he had missed White's Rd5
not only in the main game but also in his calculation of other variations.
Probably a blind spot.}) 18. Qe5 Rxg7 $2 ({The most challenging continuation
was} 18... Qc7 19. Qb2 {Irrespective of the engine evaluation, Jobava was
confident that White has compensation here.} O-O-O 20. Be5 Qa5 {Let us try to
sum up. White definitely has more active pieces than Black. The Bs are of
opposite colours and the black K has not yet managed to get to complete safety.
Maybe White could look forward to a Q+B battery on the h2-b8 diagonal at some
moment. He could also push the N from d5 with c4 and then play Bf6 to get
absolute control of the d<->. In spite of all this, the general feeling is
that Black is pretty solid and it looks like he will wriggle out of it with
the extra material. A pawn for a piece does not really seem to be enough.}) 19.
Rxd5 $1 {Mamedyarov "I missed Rd5 absolutely, I don't know why. I wanted to
just immediately resign after this, but I saw ...Qb4."} ({Mamedyarov only
considered} 19. Qxg7 Nc3+ 20. Kc1 O-O-O $19) 19... Qb4 20. Rd6 {Black has
saved himself from immediate danger but White's initiative is still
threatening.} Kf8 (20... O-O-O $2 21. Re4 $1 {[%csl Rb4]} Qa3 22. Rc4+ Bc6 23.
Rxd8+ Kxd8 24. Qxg7 $18) 21. Red1 Bc6 $2 (21... Be8 $142 22. Rxe6 $14 {[%csl
Gd4,Gd6,Gd8,Re8,Gf4,Rf8][%cal Gd1d4,Gd4f4,Gd1d6,Ge5f6,Gd1d8] This was also
unpleasant for Black, but it was still the best chance. White's idea is
Rd4-Rf4 or Rdd6 or Qf6 followed by Rd8.} Bf7 {White has quite a few
interesting options here but most of them lead to some sort of equality.} (
22... Rc8 23. Rd4 Qb5 24. Rf6+ {[%cal Re8b5]} Kg8 25. Qe6+ $18 {[%csl Rc8]}) (
22... Qb5 23. Rd5 Qf1+ 24. Kb2 Qxg2 25. Qf6+ Kg8 26. Rd8 Rxd8 27. Qxd8 $18) (
22... Bc6 23. Rdd6 $1 {[%csl Rf8,Rg6][%cal Ge6f6,Ge5f6]} Kg8 24. Rxg6 $18) 23.
Rd7 $1 (23. a3 Qxa3 24. Rd7 Kg8 25. Rxf7 Kxf7 26. Qd5 Kf8 27. Rf6+ Ke7 28. Qe5+
Kd7 29. Rf4 Re7 30. Qb5+ Ke6 31. Qc4+ Kd6 32. Qd3+ Kc6 33. Qc3+ Kd7 34. Ra4
Qxa4 35. bxa4 Re6 $11) (23. c3 Qh4 24. Rd7 Bxe6 (24... Kg8 25. g3 Qh3 26. Rxf7
Rxf7 27. Rxg6+ Kh7 28. Rg5 $18) 25. Qxg7+ Ke8 26. Rxb7 Qe1+ 27. Kb2 Qd2+ 28.
Ka3 Qd6+ 29. Kb2 (29. b4 $2 Qa6+ 30. Kb2 Qxa2+ $19) 29... Qd2+ $11) 23... Kg8
24. Rxf7 Kxf7 (24... Rxf7 25. Rxg6+ Kf8 26. Rh6 Rg7 27. Rh8+ Kf7 28. Rxa8 $18)
25. Qd5 Kf8 26. Re4 $5 {[%cal Ge4f4]} Qb6 27. Rf4+ Ke8 28. Qe5+ Re7 29. Qh8+
Kd7 30. Qxa8 g5 (30... Re8 31. Rf7+ $18) 31. Rf5 (31. Rc4 $4 Re1+ 32. Kb2 Re8
$19 {[%csl Ra8]}) 31... Qg1+ 32. Kb2 Qd4+ 33. Ka3 Qd6+ 34. Ka4 {[%csl Ra7,Rb7]
With the pawns hanging Black has to look for a perpetual.} Qc6+ 35. Rb5 Qa6+
36. Ra5 Qc6+ 37. Ka3 Qd6+ 38. Kb2 Qd4+ 39. c3 Re2+ 40. Ka3 Qd6+ 41. b4 Qc6 42.
Qh8 Qc4 43. Qd4+ Qxd4 44. cxd4 Rxg2 45. h4 (45. Rxa7 Kc6 46. Ra5 b5 47. d5+ Kb6
48. Ra8 Kc7 49. Rg8 h4 $11) 45... gxh4 46. Rxh5 Rh2 47. Rh6 (47. Kb3 Ke6 48.
Kc4 Kf6 $11) 47... b5 $11 {The endgame looks close to a draw and we have come
too far anyway.}) 22. R1d4 $2 {White misses his chance.} ({Jobava could have
finished the game with} 22. Rd8+ $1 Rxd8 23. Rxd8+ Kf7 (23... Ke7 24. Rd4 $18 {
[%csl Rb4,Rg7]}) 24. a3 $1 {[%csl Rb4][%cal Ge5f4,Gf4f8,Rb4f4]} ({Or} 24. c3
$18 {with the same idea of deflecting the Q from controlling f4-square.}) (24.
Qc7+ $6 Kf6 $17) 24... Qxa3 (24... Qh4 25. Qc7+ Qe7 26. Qf4+ Qf6 27. Rf8+ Kxf8
28. Qxf6+ $18 {[%csl Re6]}) (24... Qe7 25. Qf4+ $18 {[%cal Gd8f8] is similar
to 24...Qh4.}) 25. Qf4+ Ke7 26. Qf8#) 22... Qb5 23. Rd8+ (23. Qxe6 $5 {[%cal
Gd6d8]} Qg5 {[%cal Gg5d8]} 24. h4 Qe7 25. Rf4+ (25. Qc4 Re8 26. a4 $13) 25...
Rf7 26. Qxg6 Qe1+ (26... Rxf4 27. Qh6+ Qg7 28. Qxf4+ Kg8 $13) 27. Kb2 Qe5+ 28.
Rfd4 $13) 23... Rxd8 24. Rxd8+ Ke7 25. Qd6+ Kf6 26. Qd4+ ({Another way to a
draw is} 26. Rf8+ Rf7 27. Qd8+ (27. Qd4+ $2 e5 28. Qd8+ Ke6 $19) 27... Kg7 28.
Rg8+ Kh6 29. Rh8+ $11) 26... Kf7 $4 {Black returns the favour with a terrible
oversight.} (26... Ke7 $142 27. Qd6+ (27. Rc8 $2 e5 28. Qd8+ Ke6 $19) 27... Kf6
$11 {is a straight draw.}) 27. Qf4+ Ke7 {Mamedyarov thought that this was the
same variation and White would continue Qd6+ and it would be a draw. One of
those rare occasions when a 2700+ player misses a mate in one.} (27... Qf5 28.
Qc7+ Kf6 29. Rf8+ Kg5 30. Rxf5+ exf5 31. Qxg7 $18) (27... Ke7 28. Qf8#) 1-0